Математическое моделирование электромеханических систем. Аналитические методы: учебное пособие

מידע ביבליוגרפי
מחבר ראשי: Глазырин А. С. Александр Савельевич
מחבר תאגידי: Национальный исследовательский Томский политехнический университет (ТПУ)
סיכום:В учебном пособии содержится описание аналитических методов математического моделирования линейных электромеханических систем в режимах пуска, торможения, реверса, наброса и сброса нагрузки. Для анализа динамики предлагаются системы дифференциальных уравнений, представленные в нормальной форме Коши. Подробно рассмотрены применения для задач математического моделирования классического метода с отысканием собственных значений и собственных векторов матрицы коэффициентов, операционного метода, метода определителей Вандермонда. В качестве базового программного продукта при решении задач моделирования предлагается использовать MathCAD.
שפה:רוסית
יצא לאור: Томск, Изд-во ТПУ, 2010
נושאים:
פורמט: ספר
KOHA link:https://koha.lib.tpu.ru/cgi-bin/koha/opac-detail.pl?biblionumber=183649

MARC

LEADER 00000nam0a2200000 4500
001 183649
005 20240403064831.0
010 |a 9785982986283 
035 |a (RuTPU)RU\TPU\book\199102 
090 |a 183649 
100 |a 20100818d2010 m y0rusy50 ca 
101 0 |a rus 
102 |a RU 
105 |a a j 001zy 
200 1 |a Математическое моделирование электромеханических систем. Аналитические методы  |e учебное пособие  |f А. С. Глазырин  |g Национальный исследовательский Томский политехнический университет (ТПУ) 
210 |a Томск  |c Изд-во ТПУ  |d 2010 
215 |a 204 с.  |c ил. 
318 |5 63413507  |a 60 лет кафедре электропривода 
320 |a Библиогр.: с. 192-193. 
330 |a В учебном пособии содержится описание аналитических методов математического моделирования линейных электромеханических систем в режимах пуска, торможения, реверса, наброса и сброса нагрузки. Для анализа динамики предлагаются системы дифференциальных уравнений, представленные в нормальной форме Коши. Подробно рассмотрены применения для задач математического моделирования классического метода с отысканием собственных значений и собственных векторов матрицы коэффициентов, операционного метода, метода определителей Вандермонда. В качестве базового программного продукта при решении задач моделирования предлагается использовать MathCAD. 
452 1 |0 (RuTPU)RU\TPU\book\207474  |t Математическое моделирование электромеханических систем. Аналитические методы  |o учебное пособие  |f А. С. Глазырин  |g Национальный исследовательский Томский политехнический университет (ТПУ)  |c Томск  |n Изд-во ТПУ  |d 2010  |a Глазырин, Александр Савельевич 
606 1 |a Электромеханические системы  |2 stltpush  |3 (RuTPU)RU\TPU\subj\20263  |9 45374 
610 1 |a классификация 
610 1 |a математическое моделирование 
610 1 |a аналитические методы 
610 1 |a системы дифференциальных уравнений 
610 1 |a дифференциальные уравнения второго порядка 
610 1 |a силовые преобразователи 
610 1 |a регуляторы 
610 1 |a замкнутые электромеханические системы 
610 1 |a задача Коши 
610 1 |a преобразование Лапласа 
610 1 |a определитель Вандермонда 
610 1 |a учебные пособия 
610 1 |a труды учёных ТПУ 
675 |a 621.31(075.8)  |v 3 
700 1 |a Глазырин  |b А. С.  |c специалист в области электротехники  |c профессор Томского политехнического университета, доктор технических наук  |f 1978-  |g Александр Савельевич  |y Томск  |3 (RuTPU)RU\TPU\pers\26445  |9 12148 
712 0 2 |a Национальный исследовательский Томский политехнический университет (ТПУ)  |c (2009- )  |3 (RuTPU)RU\TPU\col\15902 
801 1 |a RU  |b 63413507  |c 20100818 
801 2 |a RU  |b 63413507  |c 20220518  |g RCR 
942 |c BK